| 000 | 00365nam a2200145Ia 4500 | ||
|---|---|---|---|
| 008 | 150201s1997 xx 000 0 und d | ||
| 082 |
_a617.63 _bP1997L |
||
| 100 | _aLANGLAND | ||
| 245 | _aPRINCIPLES OF DENTAL IMAGING | ||
| 250 | _a1ST | ||
| 260 |
_bLIPPINCOTT PUBLICATION _aPHILADELPHIA _c1997 |
||
| 300 | _a1-467 | ||
| 650 | _aORAL MEDICINE | ||
| 942 |
_2ddc _cBK _01 |
||
| 999 |
_c3811 _d3811 |
||